000 00261nam a22001217a 4500
008 181102b xxu||||| |||| 00| 0 eng d
041 _aeng
080 _a510
100 _a36
101 _aMAT
245 _aAlgebra Colege Course
_cBrink, R.W
942 _2udc
_cBK
999 _c51594
_d51594